[Event "bbbbbbbbbbbbbbbbbbbbbbbbbbbbbbbbbbbbbbbbbbbbb"]
[Site "SchemingMind.com"]
[Date "2019.09.21"]
[Round "-"]
[White "ray winteringham"]
[Black "Arnold Jones"]
[Result "1-0"]
[WhiteCountry "ENG"]
[BlackCountry "ENG"]
[WhiteElo "1488"]
[WhiteRD "49"]
[BlackElo "1467"]
[BlackRD "68"]
[GameID "446260"]

1. e4 e5 2. Nf3 Nc6 3. Nc3 Bb4 4. a3 Ba5 5. b4 Bb6 6. d3 h6 7. Be2 Nf6 8. Bb2 d6 9. h3 Bd7 10. Qd2 O-O
11. O-O-O Bxf2 12. Kb1 Nd4 13. Na2 Ba4 14. Nxd4 exd4 15. Bf3 Be3 16. Qe2 c6 17. Rdf1 Rb8 18. Bc1 Qb6 19. Bxe3 c5 20. Bd2 a5
21. c3 Ra8 22. Ka1 Bb3 23. Rb1 Bxa2 24. Kxa2 dxc3 25. Bxc3 axb4 26. Rb3 Ra7 27. Rhb1 Rfa8 28. Bb2 Qa5 29. Bc1 Qc7 30. Ra1 Nd7
31. Kb1 Nb6 32. Kc2 Re8 33. Kd1 d5 34. Rbb1 Na4 35. Bb2 b3 36. g4 d4 37. Qf2 Re5 38. Rc1 b5 39. Bxd4 b2 40. Bxb2 Nxb2+
41. Qxb2 c4 42. d4 Qd7 43. Ke2 Re8 44. Kf2 Rd8 45. d5 Qc7 46. Kg2 Qc5 47. Qf2 Rc8 48. Qxc5 Rxc5 49. Kf2 c3 50. Ke2 c2
51. Kd2 Rac7 52. Ra2 Rc3 53. Be2 R3c5 54. Rcxc2 f6 55. Bxb5
1-0

[Event "bbbbbbbbbbbbbbbbbbbbbbbbbbbbbbbbbbbbbbbbbbbbb"]
[Site "SchemingMind.com"]
[Date "2019.09.23"]
[Round "-"]
[White "Wojtek26"]
[Black "Arnold Jones"]
[Result "1-0"]
[WhiteCountry "POL"]
[BlackCountry "ENG"]
[WhiteElo "1602"]
[WhiteRD "65"]
[BlackElo "1457"]
[BlackRD "65"]
[GameID "446261"]

1. d4 d5 2. c4 dxc4 3. e3 b5 4. Qf3 c6 5. a4 Ba6 6. axb5 Bxb5 7. Nc3 Qb6 8. b3 Ba6 9. bxc4 e6 10. c5 Qb4
11. Bd2 Bxf1 12. Kxf1 Qc4+ 13. Ke1 Nf6 14. Nge2 Be7 15. Ra4 Qb3 16. Nc1 Qb7 17. Ne4 Nxe4 18. Qxe4 Nd7 19. Rb4 Qa6 20. Qc2 O-O
21. Ra4 Qc8 22. h4 e5 23. Bc3 exd4 24. Bxd4 Bf6 25. Bxf6 Nxf6 26. Ke2 Qg4+ 27. Kf1 Qc8 28. h5 a5 29. h6 Qa6+ 30. Kg1 g6
31. Qc3 Ne8 32. Re4 f6 33. Qb3+ Rf7 34. Re7 Qa7 35. Qxf7+ Kh8 36. Qxh7#
1-0

[Event "bbbbbbbbbbbbbbbbbbbbbbbbbbbbbbbbbbbbbbbbbbbbb"]
[Site "SchemingMind.com"]
[Date "2019.09.21"]
[Round "-"]
[White "Thegreatvoid"]
[Black "Arnold Jones"]
[Result "1-0"]
[WhiteCountry "USA"]
[BlackCountry "ENG"]
[WhiteElo "1630"]
[WhiteRD "70"]
[BlackElo "1457"]
[BlackRD "65"]
[GameID "446263"]

1. c4 Nf6 2. Nc3 e5 3. g3 Nc6 4. Bg2 Bb4 5. e3 Bxc3 6. bxc3 d6 7. h3 Ne7 8. Ne2 c6 9. O-O Be6 10. Qa4 Bd7
11. Qb3 b6 12. d4 e4 13. d5 c5 14. a4 a5 15. f3 exf3 16. Bxf3 Bxh3 17. Bg2 Bxg2 18. Kxg2 Ne4 19. Qc2 f5 20. Nf4 Qd7
21. Ne6 g6 22. Qb3 Rb8 23. Rb1 Rg8 24. Nf4 h5 25. Nd3 g5 26. Qd1 g4 27. Bb2 Ng6 28. Nf2 h4 29. Nxe4 h3+ 30. Kh2 fxe4
31. Rf6 Nf8 32. Qf1 Qe7 33. Qf4 Kd7 34. Rf7 Re8 35. Rxe7+ Rxe7 36. Ba3 Kc7 37. Rb5 Nd7 38. Rb2 Ne5 39. Qf6 Nf3+ 40. Kh1 Reg7
41. Rxb6 Rd7 42. Rc6+ Kb7 43. Rxd6 Kc8 44. Rxd7
1-0